000 00911nam a2200253Ia 4500
003 OSt
005 20220923222314.0
006 a|||||r|||| 00| 0
007 ta
008 ORI
024 _a204,428
037 _cTextual
040 _aARTS
_cARTS
_bORI
041 _2ORI
_aORI
082 _aO1591,3N14,MA, 152L4.1-.2
100 _aमहान्ती, गोपीनाथ; पुरोहित, शंकरलाल, अनु.
_9166718
245 0 _aमाटी मटाल
246 _aMāṭī maṭāla
260 _aदिल्ली
_b भारतीय ज्ञानपीठ
_c1974
300 _a639पृ0
_ccm.
650 _aउड़िया साहित्य
_9156264
942 _hO1591,3N14,MA, 152L4.1-.2
_cTEXL
_2CC
999 _c355177
_d355177